Justin Bieber Charting Songs (Billboard Hot Dance) - Statistics

General Stats
  • This quiz has been taken 22 times
    16 since last reset
  • The average score is 4 of 6
Answer Stats
Album Weeks On Peak Artist(s) Song % Correct
Encore 52 Weeks #2 DJ Snake ft. Justin Bieber Let Me Love You
92%
Major Lazer Essentials 32 Weeks #1 Major Lazer ft. Justin Bieber & MO Cold Water
83%
Skrillex & Diplo Present Jack U 52 Weeks #1 Skrillex & Diplo ft. Justin Bieber Where Are U Now
75%
7 26 Weeks #4 David Guetta ft. Justin Bieber 2U
58%
#willpower 20 Weeks #3 will.i.am ft. Justin Bieber #thatPOWER
58%
Don't Get Too Close 2 Weeks #43 Skrillex, Justin Bieber & Don Toliver Don't Go
33%
No matching quizzes found
Score Distribution
Percent of People with Each Score
Percentile by Number Answered
Your Score History
You have not taken this quiz since the last reset